Culture Générale - Série 484 - Statistiques

Statistiques générales
  • Ce quiz a été pris 161 fois
  • Le résultat moyen est 5 sur 10
Statistiques - réponses
Question Réponse % Correct
Dans quel château français peut‐on admirer une galerie composée de 357 miroirs ? Versailles
99%
Dans quelle cathédrale la plupart des rois de France ont‐ils été sacrés à partir du XIIIe siècle ? Reims
92%
En France, lors de quel mois se déroulent chaque année les Journées du patrimoine ? Septembre
91%
Quel site normand est surnommé "la merveille de l'Occident" ? Mont‐Saint‐Michel
74%
A quel animateur télé appartenait la chienne Zaza qui devint l'héroïne d'une bande dessinée ? Michel Drucker
61%
En 1985, quel pont français est inscrit au patrimoine mondial de l'humanité par l'Unesco ? Le pont du Gard
40%
Quel animal est Brisby, l'héroïne du dessin animé "Brisby et le secret de Nimh" ? souris
26%
Dans quelle ville française se trouve la villa Majorelle, chef‐d'oeuvre de style Art nouveau édifié au tout début du 20e siècle ? Nancy
22%
Dans le film d'animation "Chicken Run", comment s'appelle la poule qui fomente une évasion ? Ginger
9%
Qui est la plus jeune des filles de Babar et de sa femme Céleste ? Isabelle
2%
Aucun quiz correspondant
Distribution des résultats
% des personnes avec chaque résultat
Percentile par nombre de réponses
Votre historique - résultats
Vous n’avez pas pris ce quiz